Harry Potter personnages (ultra hard) - Statistiques

Statistiques générales
  • Ce quiz a été pris 209 fois
  • Le résultat moyen est 44 sur 57
Statistiques - réponses
Indice Réponse % Correct
Héro Harry Potter
100%
Meilleur ami Ronald Weasley
100%
Meilleur amie Hermione Granger
99%
Garde chasse Rubeus Hagrid
96%
Frère jumeau 1 Fred Weasley
95%
Frère jumeau 2 George Weasley
95%
Femme de hero Ginny Weasley
95%
Directeur de serpentard Severus Rogue
95%
Directeur Albus Dumbledore
93%
Papa du hero James Potter
92%
Maman du hero Lily Potter
92%
Directrice de Gryffondor Minerva McGonagall
92%
Méchant n°1 Voldemort
92%
Elfe de maison Dobby
91%
Parrain du hero Sirius Black
91%
Chinoise Cho Chang
90%
Fils de cheveux blond long Drago Malefoy
90%
Loup garou Remus Lupin
90%
Drole Neville Londubat
89%
Chouette Hedwige
88%
Bizard Luna Lovegood
88%
Hippogriffe Buck
86%
Fille de beaubaton Fleur Delacour
86%
Autre pote de fils de cheveux blonds longs Grégory Goyle
86%
Cheveux blond long Lucius Malefoy
86%
Serpent du méchant n°1 Nagini
86%
Manque un œil Alastor Maugrey
85%
Crac mol Argus rusard
84%
<<pote>>1 de fils de cheveux blond long Vincent Crabbe
82%
Très gros serpent Basilic
81%
Folle Bellatrix Lestrange
80%
Meilleur poufsouffle Cédric Diggory
80%
Vendeur de baguette magique Garrick Ollivander
79%
Chat de meilleur amie Pattenrond
79%
Mec qui fait tout exploser Seamus Finnigan
79%
Grosse araignée Aragog
78%
Prof d'herbologie Pomana Chourave
78%
Prof de quidditch Rolanda Bibine
78%
Phoenix Fumsek
77%
Chien a 3 tete Touffu
76%
Chien du garde chasse Crockdur
75%
Chatte du crac mol Miss Teigne
74%
Ami du mec qui fait tout exploser Dean Thomas
73%
Meilleur attrapeur de tous les temps Viktor krum
71%
La p*t* Dolores Ombrage
70%
Prof de potion Horace Slughorn
69%
Elfe de maison de la famille Black Kreatur
68%
Nain Filius Flittwick
65%
Gobelin Gripsec
65%
Tête double Quirinus Quirrell
56%
Fdp Peter Pettigrow
48%
Imposteur Gilderoy Lockhart
46%
Bizard 2 Sybille Trelawney
36%
Fils de batard Dudley Dursley
35%
Batarde Pétunia Dursley
35%
Batard Vernon Dursley
34%
Attraper de la fumée avec les mains Bem
9%
Aucun quiz correspondant
Distribution des résultats
% des personnes avec chaque résultat
Percentile par nombre de réponses
Votre historique - résultats
Vous n’avez pas pris ce quiz